Statistics for Island Geography by Letter – C

Click here to take the quiz!

General Stats

  • This quiz has been taken 104 times
  • The average score is 11 of 16

Answer Stats

HintAnswer% Correct
Largest Caribbean island countryCuba
97%
Mediterranean island nationCyprus
97%
Country that owns Easter IslandChile
93%
Largest Greek islandCrete
91%
African island country in the North Atlantic OceanCape Verde
90%
African island country in the Indian OceanComoros
87%
Largest city in Sri LankaColombo
86%
Island north of SardiniaCorsica
84%
Largest city on South Island (New Zealand)Christchurch
83%
Spanish island chain near MoroccoCanary Islands
80%
Capital of St. LuciaCastries
69%
British Island group in the northwest Caribbean SeaCayman Islands
62%
South Pacific islands owned by New ZealandCook Islands
52%
City in central PhilippinesCebu
47%
Most populous state in the F. S. MicronesiaChuuk
12%
Group of uninhabited islands in eastern KiribatiCentral Line Islands
1%

Score Distribution

Percentile by Number Answered

Percent of People with Each Score

Your Score History

You have not taken this quiz